O doutor Jivago (Registo nº 190)

Detalhes MARC
000 -Etiqueta do registo
Cabeçalho 00664nam0a2200241 4500
005 - Identificador da versão
Campo de controlo 20240813121756.0
010 ## - Número internacional normalizado dos livros (ISBN)
Número (ISBN) 8481305243
021 ## - Número do Depósito Legal
Número B. 27 286-2002
100 ## - Dados gerais de processamento
Dados gerais de processamento 20160506d2002 aaay1pory5001 ba
102 ## - Pais de publicação ou produção
País de publicação Portugal
101 1# - Língua de publicação
Língua do texto, banda sonora, etc. Português
Língua do documento no original Russo
215 ## - Descrição física 
Indicação específica da natureza do documento e extensão da espécie 606 p
200 1# - Titulo e menção de responsabilidade
Título próprio O doutor Jivago
Primeira menção de responsabilidade Boris Pasternak
225 2# - Colecção 
Título próprio da colecção Mil folhas
Indicação de volume 13
210 ## - Publicação, Distribuição, etc. 
Lugar da edição, distribuição, etc. Porto
Nome do editor, distribuidor, etc. Público Comunicação Social
Data da publicação, distribuição, etc. cop. 2002
606 ## - Nome comum usado como assunto
Número de registo de entrada de autoridade 0002795
Palavra de ordem Literatura russa
Subdivisão de assunto Romance
Código do sistema CA
675 ## - Classificação Decimal Universal (CDU)
Notação 821.161.1-31
Edição 3ª ed.
Língua da edição por
700 #1 - Nome de autor-pessoa física (responsabilidade principal)
Número de registo de entrada de autoridade 0002879
Palavra de ordem Pasternak
Outra parte do nome não tomada para palavra de ordem Boris
Datas 1890-1960
966 ## - Identificação da Biblioteca
Sigla EB2,3ENM
942 ## - Elementos de entrada adicionados (Koha)
Tipo de item no Koha Livro
Exemplares
Situação do levantamento Origin of item (home branch) (coded) Biblioteca de empréstimo Código de barras Cota Circulation type (not for loan) Tipo de documento Nota do exemplar Damaged status
  Biblioteca Escolar Eng. Nuno Mergulhão Biblioteca Escolar Eng. Nuno Mergulhão BENM393 82LE-3 PAS   Livro Sem mensagem